000 00474nam a22001697a 4500
003 MACL
005 20160114160715.0
008 160114b xxu||||| |||| 00| 0 eng d
040 _cMACL
041 _aEnglish
082 _a920/MUL
100 _aMullick Sunrit
_932334
245 _aThe First Hindu Mission To America The Pioneering Visits Of Protap Chunder Mozoomdar
260 _aNew Delhi
_bNorthern Book Centre
_c2010
650 _aBiography
_932335
942 _2ddc
_cBK
999 _c52280
_d52280